| 000 | 00435nam a22001817a 4500 | ||
|---|---|---|---|
| 005 | 20221215103547.0 | ||
| 008 | 221215b |||||||| |||| 00| 0 eng d | ||
| 020 | _a9789354952135 | ||
| 041 | _aeng | ||
| 082 | _a332.1 PAL -I | ||
| 100 |
_aPAL,RAJESH _97334 |
||
| 245 | _aINTERNATIONAL ECONOMICS | ||
| 250 | _a1st ed. | ||
| 260 |
_aMUMBAI _bHIMALAYA PUBLISHING HOUSE |
||
| 300 | _a684;P. | ||
| 650 |
_aMANAGEMENT _9241 |
||
| 942 | _cBK | ||
| 999 |
_c8032 _d8030 |
||